000 00472nam a2200181Ia 4500
008 240925s9999 xx 000 0 und d
020 _a9789351072249
082 _a519.2 ROS
100 _aRoss, Sheldon
245 0 _aIntroduction to Probability Models
250 _aNA
260 _aUnited States:
_bElsevier
_c,2014.
300 _aix,318p.
_b0
_fOriginal
500 _aIncludes Index
600 _aEngineering Technology
650 _aNatural Science
942 _cBK
999 _c12674
_d12674